Hogwarts Staff Quiz Stats

 Plays Quiz not verified by Sporcle

Support Sporcle.
Go Orange.
Score 0/26 Timer 04:00
0 Plays Today
% Correct
Severus Snape
98.7%
Albus Dumbledore
97.3%
Firenze
97.3%
Rolanda Hooch
97.3%
Alastor Moody
97.3%
Quirrius Quirrell
97.3%
Rubeus Hagrid
96%
Gilderoy Lockhart
96%
Remus Lupin
96%
Poppy Pomfrey
96%
Pomona Sprout
96%
Sybill Trelawney
96%
Minerva McGonagall
94.7%
% Correct
Delores Umbridge
94.7%
Cuthwert Binns
93.3%
Amycus Carrow
93.3%
Filius Flitwick
93.3%
Wilhelmina Grubbly-Plank
93.3%
Horace Slughorn
93.3%
Argus Filch
92%
Irma Pince
90.7%
Charity Burbage
85.3%
Aroura Sinistra
84%
Septima Vector
82.7%
Silvanus Kettleburn
68%
Bathsheba Babbling
64%

You're not logged in!

Compare scores with friends on all Sporcle quizzes.
OR
Log In

From the Vault

Missing Word Crossword: Video Games

by BookishGirl98

Don't get too cross when we start ripping words out of your dictionary.
Remove Ads.
Support Sporcle.
Get the best of Sporcle when you Go Orange. This ad-free experience offers more features, more stats, and more fun while also helping to support Sporcle. Thank you for becoming a member.

Show Comments

Extras

Created Oct 29, 2013ReportNominate
Tags:Clickable Quiz, staff

Top Quizzes Today


Score Distribution

Your Account Isn't Verified!

In order to create a playlist on Sporcle, you need to verify the email address you used during registration. Go to your Sporcle Settings to finish the process.

Report this User

Report this user for behavior that violates our Community Guidelines.

Details: